Heart Beat Attack the Heart Attack: (Record no. 183048)

MARC details
000 -LEADER
fixed length control field 00640 a2200193 4500
005 - DATE AND TIME OF LATEST TRANSACTION
control field 20220222112218.0
010 ## - LCCN (DPL NO)
LC control number ENG-130330
020 ## - INTERNATIONAL STANDARD BOOK NUMBER
International Standard Book Number 9788-93-8824-94-3
Terms of availability 230.00
035 ## - SYSTEM CONTROL NUMBER
System control number EN-113862
037 ## - SOURCE OF ACQUISITION
Source of stock number/acquisition DBAD / PUB
082 ## - DEWEY DECIMAL CLASSIFICATION NUMBER
Classification number 616.120754
100 ## - MAIN ENTRY--PERSONAL NAME
Personal name Atre, Vasundhra
245 ## - TITLE STATEMENT
Title Heart Beat Attack the Heart Attack:
Statement of responsibility, etc Vasundhra Atre
250 ## - EDITION STATEMENT
Edition statement 2019
260 ## - PUBLICATION, DISTRIBUTION, ETC. (IMPRINT)
Name of publisher, distributor, etc Vishwakarma Publication
Date of publication, distribution, etc 2019
Place of publication, distribution, etc Maharashtra
270 ## - ADDRESS
City Maharashtra
Address 34A/1, Suyog Centre, 7th Floor, Gultekadi Marketyard Road,Giridhar Bhavan Chowk, Pune
Postal code 411037
300 ## - PHYSICAL DESCRIPTION
Extent 175p.
Dimensions 21cm (pbk)
942 ## - ADDED ENTRY ELEMENTS (KOHA)
Institution code [OBSOLETE] dpl
Item type English Books
Source of classification or shelving scheme Dewey Decimal Classification
Classification part 616.120754
Call number suffix ATR
Holdings
Withdrawn status Lost status Not for loan Collection code Home library Current library Date acquired Source of acquisition Cost, normal purchase price Full call number Barcode Copy number Cost, replacement price Koha item type
    Not For Loan Non-fiction D.B.Act.Division D.B.Act.Division 15/12/2021 DBAD/PUB 230.00 616.120754 ATR EN-113862 1 230.00 English Books

© Delhi Public Library
Hit Counter
free hit counter